{"text_format":"3","workbook":"xlsx","n_sheets":1,"sheets":["Укриття"],"not_rendered":{"defined_names":3},"read":"whole","date_system":"1900"}

{"sheet":"Укриття","index":0,"n_rows":270,"n_cols":12,"rows_kept":270,"merged":[[0,8,0,11],[3,0,3,11],[4,0,5,0],[4,1,5,1],[4,2,5,2],[4,3,4,5],[4,6,4,11],[98,12,98,17],[266,12,266,15],[267,1,267,4],[267,6,267,10],[268,1,268,4],[269,0,269,11]]}
["Вид робіт: Поточний ремонт та облаштування споруд цивільного захисту (укриття) "]
["Обєкт: Заклад дошкільної освіти (ясла-садок) №130 комбінованого типу Миколаївської міської ради Миколаївської області"]
["Адреса: Миколаївська область, м. Миколаїв, вул. Знаменська 5-а"]
["Додаток 3 закупівлі. Детальне технічне завдання"]
["№п/п","Найменуванння робіт","Од. вим.","Р о б о т а ",null,null,"М а т е р і а л и"]
[{"$nulls":3},"Кіл-сть","Ціна, грн","Сума, грн","Найменування матеріалів","Од. вим.","Норма  витрат","Кіл-сть","Ціна, грн з ПДВ","Сума, грн"]
[1,2,3,4,5,6,7,8,9,10,11,12]
[1,"Вхід №1"]
["1.1","Демонтаж існуючої покрівлі","м2",{"v":5.4,"d":"5.40"},null,{"$f":"D9*E9","v":{"v":0,"d":"0.00"}}]
["1.2","Демонтаж з/б східців","шт",{"v":8,"d":"8.00"},null,{"v":0,"d":"0.00"}]
["1.3","Розбирання бетонних стін","м3",3.16,null,{"v":0,"d":"0.00"}]
["1.4","Супутні роботи при розробці грунту екскаватором","м3",{"v":11,"d":"11.00"},null,{"v":0,"d":"0.00"}]
["1.5","Улаштування бетонної підготовки","м3",1.33,null,{"v":0,"d":"0.00"},"Бетон М200","м3",1.02,{"$f":"D13*I13","v":{"v":1.3566,"d":"1.36"}},null,{"$f":"J13*K13","v":{"v":0,"d":"0.00"}}]
["1.6","Улаштування з/б входу","м3",6.84,null,{"$f":"D14*E14","v":{"v":0,"d":"0.00"}},"Бетон М200","м3",1.02,{"$f":"D14*I14","v":{"v":6.9768,"d":"6.98"}},null,{"v":0,"d":"0.00"}]
["1.7",{"$nulls":5},"Арматура Ø 12","т","п",{"v":0.4,"d":"0.40"},null,{"v":0,"d":"0.00"}]
["1.10","Виготовлення та монтаж  закладних деталей","т",0.03,null,{"$f":"D16*E16","v":{"v":0,"d":"0.00"}},"Закладні деталі","т",{"v":1,"d":"1.00"},{"$f":"D16*I16","v":0.03},null,{"v":0,"d":"0.00"}]
["1.11","Улаштування сходів з окремих східців","шт",{"v":13,"d":"13.00"},null,{"v":0,"d":"0.00"},"Східці ЛС","шт",{"v":1,"d":"1.00"},{"$f":"D17*I17","v":{"v":13,"d":"13.00"}},null,{"v":0,"d":"0.00"}]
["1.12","Готування цементного розчину","м3",{"v":0.1,"d":"0.10"},null,{"v":0,"d":"0.00"},"Цемент","кг","п",{"v":41.6,"d":"41.60"},null,{"v":0,"d":"0.00"}]
["1.13",{"$nulls":5},"Пісок","м3","п",0.12,null,{"v":0,"d":"0.00"}]
["1.14","Зворотня засипка піском","м3",5.32,null,{"$f":"D20*E20","v":{"v":0,"d":"0.00"}},"Пісок","м3",1.12,{"$f":"D20*I20","v":{"v":5.958400000000001,"d":"5.96"}},null,{"v":0,"d":"0.00"}]
["1.15","Виготовлення та монтаж металоконструкцій навісу","т",{"v":0.39,"d":"0.390"},null,{"$f":"D21*E21","v":{"v":0,"d":"0.00"}},"Труба профільна 40х40","т",1.06,{"$f":"D21*I21","v":{"v":0.41340000000000005,"d":"0.413"}},null,{"v":0,"d":"0.00"}]
["1.21","Грунтування металоконструкцій","м2",{"v":18,"d":"18.00"},null,{"$f":"D22*E22","v":{"v":0,"d":"0.00"}},"Грунт ГФ-021","кг",0.15,{"$f":"D22*I22","v":{"v":2.6999999999999997,"d":"2.70"}},null,{"v":0,"d":"0.00"}]
["1.22","Фарбування металоконструкцій","м2",{"v":18,"d":"18.00"},null,{"v":0,"d":"0.00"},"Емаль ПФ-115","кг",{"v":0.3,"d":"0.30"},{"v":5.3999999999999995,"d":"5.40"},null,{"v":0,"d":"0.00"}]
["1.23","Монтаж покриття з профлиста","м2",{"v":12.6,"d":"12.60"},null,{"v":0,"d":"0.00"},"Профлист","м2",{"v":1.2,"d":"1.20"},15.12,null,{"v":0,"d":"0.00"}]
["1.24",{"$nulls":5},"Саморізи для профлиста","шт",{"v":9,"d":"9.00"},{"v":113,"d":"113.00"},null,{"v":0,"d":"0.00"}]
["1.25","Облицювання стін профлистом","м2",{"v":16.2,"d":"16.20"},null,{"$f":"D26*E26","v":{"v":0,"d":"0.00"}},"Профлист","м2",{"v":1.2,"d":"1.20"},{"$f":"D26*I26","v":{"v":19.439999999999998,"d":"19.44"}},null,{"v":0,"d":"0.00"}]
["1.26",{"$nulls":5},"Саморізи для профлиста","шт",{"v":9,"d":"9.00"},{"v":146,"d":"146.00"},null,{"v":0,"d":"0.00"}]
["1.27","Монтаж дрібних виробів з оц. сталі","м",{"v":50.2,"d":"50.20"},null,{"$f":"D28*E28","v":{"v":0,"d":"0.00"}},"Дрібні вироби з оц. сталі","м",{"v":1,"d":"1.00"},{"$f":"D28*I28","v":{"v":50.2,"d":"50.20"}},null,{"v":0,"d":"0.00"}]
["1.28",{"$nulls":5},"Саморізи","шт",{"v":7,"d":"7.00"},{"v":351,"d":"351.00"},null,{"v":0,"d":"0.00"}]
["1.31","Улаштування вимощення","м3",1.55,null,{"$f":"D30*E30","v":{"v":0,"d":"0.00"}},"Бетон М200 ","м3",1.02,{"$f":"D30*I30","v":{"v":1.5810000000000002,"d":"1.58"}},null,{"$f":"J30*K30","v":{"v":0,"d":"0.00"}}]
["1.32",{"$nulls":5},"Сітка 100х100х5","м2","п",{"v":16,"d":"16.00"},null,{"v":0,"d":"0.00"}]
["1.33","Штукатурка стін ","м2",{"v":21,"d":"21.00"},null,{"$f":"D32*E32","v":{"v":0,"d":"0.00"}}]
["1.34","Готування цементного розчину","м3",0.67,null,{"$f":"D33*E33","v":{"v":0,"d":"0.00"}},"Цемент","кг",{"v":304,"d":"304.00"},{"$f":"D33*I33","v":203.68},null,{"$f":"J33*K33","v":{"v":0,"d":"0.00"}}]
["1.35",{"$nulls":5},"Пісок","м3",1.21,{"$f":"D33*I34","v":{"v":0.8107,"d":"0.81"}},null,{"$f":"J34*K34","v":{"v":0,"d":"0.00"}}]
["1.36","Грунтування стін ","м2",{"v":21,"d":"21.00"},null,{"$f":"D35*E35","v":{"v":0,"d":"0.00"}},"Грунтовка глибокого проникнення","л",{"v":0.2,"d":"0.20"},{"$f":"D35*I35","v":{"v":4.2,"d":"4.20"}},null,{"$f":"J35*K35","v":{"v":0,"d":"0.00"}}]
["1.37","Опорядження стін ","м2",{"v":21,"d":"21.00"},null,{"$f":"D36*E36","v":{"v":0,"d":"0.00"}},"Шпаклівка ","кг",{"v":3.9,"d":"3.90"},{"$f":"D36*I36","v":{"v":81.89999999999999,"d":"81.90"}},null,{"$f":"J36*K36","v":{"v":0,"d":"0.00"}}]
[2,"Вхід №2"]
["2.1","Різання асфальтобетону","м",{"v":7,"d":"7.00"},null,{"$f":"D38*E38","v":{"v":0,"d":"0.00"}},"Диск відрізний","шт","п",{"v":1,"d":"1.00"},null,{"$f":"J38*K38","v":{"v":0,"d":"0.00"}}]
["2.2","Розбирання асфальтобетону","м2",8.25,null,{"v":0,"d":"0.00"}]
["2.3","Супутні роботи при розробці грунту екскаватором","м3",{"v":8,"d":"8.00"},null,{"$f":"D40*E40","v":{"v":0,"d":"0.00"}}]
["2.4","Улаштування бетонної підготовки","м3",0.83,null,{"v":0,"d":"0.00"},"Бетон М200","м3",1.02,{"$f":"D41*I41","v":{"v":0.8466,"d":"0.85"}},null,{"$f":"J41*K41","v":{"v":0,"d":"0.00"}}]
["2.5","Улаштування з/б входу","м3",6.35,null,{"$f":"D42*E42","v":{"v":0,"d":"0.00"}},"Бетон М200","м3",1.02,{"$f":"D42*I42","v":{"v":6.476999999999999,"d":"6.48"}},null,{"v":0,"d":"0.00"}]
["2.6",{"$nulls":5},"Арматура Ø 12","т","п",0.34,null,{"v":0,"d":"0.00"}]
["2.9","Виготовлення та монтаж  закладних деталей","т",0.03,null,{"$f":"D44*E44","v":{"v":0,"d":"0.00"}},"Закладні деталі","т",{"v":1,"d":"1.00"},{"$f":"D44*I44","v":0.03},null,{"$f":"J44*K44","v":{"v":0,"d":"0.00"}}]
["2.10","Улаштування сходів з окремих східців","шт",{"v":13,"d":"13.00"},null,{"v":0,"d":"0.00"},"Східці ЛС","шт",{"v":1,"d":"1.00"},{"$f":"D45*I45","v":{"v":13,"d":"13.00"}},null,{"v":0,"d":"0.00"}]
["2.11","Готування цементного розчину","м3",{"v":0.1,"d":"0.10"},null,{"v":0,"d":"0.00"},"Цемент","кг","п",{"v":41.6,"d":"41.60"},null,{"v":0,"d":"0.00"}]
["2.12",{"$nulls":5},"Пісок","м3","п",0.12,null,{"v":0,"d":"0.00"}]
["2.13","Зворотня засипка піском","м3",{"v":2.3,"d":"2.30"},null,{"$f":"D48*E48","v":{"v":0,"d":"0.00"}},"Пісок","м3",1.12,{"$f":"D48*I48","v":{"v":2.576,"d":"2.58"}},null,{"v":0,"d":"0.00"}]
["2.14","Виготовлення та монтаж металоконструкцій навісу","т",{"v":0.27,"d":"0.270"},null,{"$f":"D49*E49","v":{"v":0,"d":"0.00"}},"Труба профільна 40х40","т",1.06,{"$f":"D49*I49","v":{"v":0.2862,"d":"0.286"}},null,{"v":0,"d":"0.00"}]
["2.20","Грунтування металоконструкцій","м2",{"v":12,"d":"12.00"},null,{"$f":"D50*E50","v":{"v":0,"d":"0.00"}},"Грунт ГФ-021","кг",0.15,{"$f":"D50*I50","v":{"v":1.7999999999999998,"d":"1.80"}},null,{"v":0,"d":"0.00"}]
["2.21","Фарбування металоконструкцій","м2",{"v":12,"d":"12.00"},null,{"v":0,"d":"0.00"},"Емаль ПФ-115","кг",{"v":0.3,"d":"0.30"},{"v":3.5999999999999996,"d":"3.60"},null,{"v":0,"d":"0.00"}]
["2.22","Монтаж покриття з профлиста","м2",{"v":9,"d":"9.00"},null,{"$f":"D52*E52","v":{"v":0,"d":"0.00"}},"Профлист","м2",{"v":1.2,"d":"1.20"},{"$f":"D52*I52","v":{"v":10.799999999999999,"d":"10.80"}},null,{"v":0,"d":"0.00"}]
["2.23",{"$nulls":5},"Саморізи для профлиста","шт",{"v":9,"d":"9.00"},{"$f":"D52*I53","v":{"v":81,"d":"81.00"}},null,{"v":0,"d":"0.00"}]
["2.24","Облицювання стін профлистом","м2",{"v":15,"d":"15.00"},null,{"$f":"D54*E54","v":{"v":0,"d":"0.00"}},"Профлист","м2",{"v":1.2,"d":"1.20"},{"$f":"D54*I54","v":{"v":18,"d":"18.00"}},null,{"v":0,"d":"0.00"}]
["2.25",{"$nulls":5},"Саморізи для профлиста","шт",{"v":9,"d":"9.00"},{"$f":"D54*I55","v":{"v":135,"d":"135.00"}},null,{"v":0,"d":"0.00"}]
["2.26","Монтаж дрібних виробів з оц. сталі","м",{"v":42,"d":"42.00"},null,{"$f":"D56*E56","v":{"v":0,"d":"0.00"}},"Дрібні вироби з оц. сталі","м",{"v":1,"d":"1.00"},{"$f":"D56*I56","v":{"v":42,"d":"42.00"}},null,{"v":0,"d":"0.00"}]
["2.27",{"$nulls":5},"Саморізи","шт",{"v":7,"d":"7.00"},{"$f":"I57*D56","v":{"v":294,"d":"294.00"}},null,{"v":0,"d":"0.00"}]
["2.28","Штукатурка стін ","м2",{"v":17,"d":"17.00"},null,{"$f":"D58*E58","v":{"v":0,"d":"0.00"}}]
["2.29","Готування цементного розчину","м3",0.54,null,{"$f":"D59*E59","v":{"v":0,"d":"0.00"}},"Цемент","кг",{"v":304,"d":"304.00"},{"$f":"D59*I59","v":{"v":164.16000000000003,"d":"164.16"}},null,{"$f":"J59*K59","v":{"v":0,"d":"0.00"}}]
["2.30",{"$nulls":5},"Пісок","м3",1.21,{"$f":"D59*I60","v":{"v":0.6534,"d":"0.65"}},null,{"$f":"J60*K60","v":{"v":0,"d":"0.00"}}]
["2.31","Грунтування стін ","м2",{"v":17,"d":"17.00"},null,{"$f":"D61*E61","v":{"v":0,"d":"0.00"}},"Грунтовка глибокого проникнення","л",{"v":0.2,"d":"0.20"},{"$f":"D61*I61","v":{"v":3.4000000000000004,"d":"3.40"}},null,{"$f":"J61*K61","v":{"v":0,"d":"0.00"}}]
["2.32","Опорядження стін ","м2",{"v":17,"d":"17.00"},null,{"$f":"D62*E62","v":{"v":0,"d":"0.00"}},"Шпаклівка ","кг",{"v":3.9,"d":"3.90"},{"$f":"D62*I62","v":{"v":66.3,"d":"66.30"}},null,{"$f":"J62*K62","v":{"v":0,"d":"0.00"}}]
[3,"Вхід №3"]
["3.1","Демонтаж існуючої покрівлі","м2",{"v":5.4,"d":"5.40"},null,{"$f":"D64*E64","v":{"v":0,"d":"0.00"}}]
["3.2","Демонтаж з/б східців","шт",{"v":8,"d":"8.00"},null,{"v":0,"d":"0.00"}]
["3.3","Розбирання бетонних стін","м3",2.16,null,{"v":0,"d":"0.00"}]
["3.4","Супутні роботи при розробці грунту екскаватором","м3",{"v":6,"d":"6.00"},null,{"v":0,"d":"0.00"}]
["3.5","Улаштування бетонної підготовки","м3",0.83,null,{"v":0,"d":"0.00"},"Бетон М200","м3",1.02,{"$f":"D68*I68","v":{"v":0.8466,"d":"0.85"}},null,{"$f":"J68*K68","v":{"v":0,"d":"0.00"}}]
["3.6","Улаштування з/б входу","м3",4.35,null,{"$f":"D69*E69","v":{"v":0,"d":"0.00"}},"Бетон М200","м3",1.02,{"$f":"D69*I69","v":{"v":4.436999999999999,"d":"4.44"}},null,{"v":0,"d":"0.00"}]
["3.7",{"$nulls":5},"Арматура Ø 12","т","п",0.34,null,{"v":0,"d":"0.00"}]
["3.10","Виготовлення та монтаж  закладних деталей","т",0.03,null,{"$f":"D71*E71","v":{"v":0,"d":"0.00"}},"Закладні деталі","т",{"v":1,"d":"1.00"},{"$f":"D71*I71","v":0.03},null,{"v":0,"d":"0.00"}]
["3.11","Улаштування сходів з окремих східців","шт",{"v":13,"d":"13.00"},null,{"v":0,"d":"0.00"},"Східці ЛС","шт",{"v":1,"d":"1.00"},{"$f":"D72*I72","v":{"v":13,"d":"13.00"}},null,{"v":0,"d":"0.00"}]
["3.12","Готування цементного розчину","м3",{"v":0.1,"d":"0.10"},null,{"v":0,"d":"0.00"},"Цемент","кг","п",{"v":41.6,"d":"41.60"},null,{"v":0,"d":"0.00"}]
["3.13",{"$nulls":5},"Пісок","м3","п",0.12,null,{"v":0,"d":"0.00"}]
["3.14","Зворотня засипка піском","м3",{"v":2.3,"d":"2.30"},null,{"$f":"D75*E75","v":{"v":0,"d":"0.00"}},"Пісок","м3",1.12,{"$f":"D75*I75","v":{"v":2.576,"d":"2.58"}},null,{"v":0,"d":"0.00"}]
["3.15","Виготовлення та монтаж металоконструкцій навісу","т",{"v":0.27,"d":"0.270"},null,{"$f":"D76*E76","v":{"v":0,"d":"0.00"}},"Труба профільна 40х40","т",1.06,{"$f":"D76*I76","v":{"v":0.2862,"d":"0.286"}},null,{"v":0,"d":"0.00"}]
["3.21","Грунтування металоконструкцій","м2",{"v":12,"d":"12.00"},null,{"$f":"D77*E77","v":{"v":0,"d":"0.00"}},"Грунт ГФ-021","кг",0.15,{"$f":"D77*I77","v":{"v":1.7999999999999998,"d":"1.80"}},null,{"v":0,"d":"0.00"}]
["3.22","Фарбування металоконструкцій","м2",{"v":12,"d":"12.00"},null,{"v":0,"d":"0.00"},"Емаль ПФ-115","кг",{"v":0.3,"d":"0.30"},{"v":3.5999999999999996,"d":"3.60"},null,{"v":0,"d":"0.00"}]
["3.23","Монтаж покриття з профлиста","м2",{"v":9,"d":"9.00"},null,{"v":0,"d":"0.00"},"Профлист","м2",{"v":1.2,"d":"1.20"},{"v":10.799999999999999,"d":"10.80"},null,{"v":0,"d":"0.00"}]
["3.24",{"$nulls":5},"Саморізи для профлиста","шт",{"v":9,"d":"9.00"},{"$f":"D79*I80","v":{"v":81,"d":"81.00"}},null,{"v":0,"d":"0.00"}]
["3.25","Облицювання стін профлистом","м2",{"v":15,"d":"15.00"},null,{"$f":"D81*E81","v":{"v":0,"d":"0.00"}},"Профлист","м2",{"v":1.2,"d":"1.20"},{"$f":"D81*I81","v":{"v":18,"d":"18.00"}},null,{"v":0,"d":"0.00"}]
["3.26",{"$nulls":5},"Саморізи для профлиста","шт",{"v":9,"d":"9.00"},{"$f":"D81*I82","v":{"v":135,"d":"135.00"}},null,{"v":0,"d":"0.00"}]
["3.27","Монтаж дрібних виробів з оц. сталі","м",{"v":42,"d":"42.00"},null,{"$f":"D83*E83","v":{"v":0,"d":"0.00"}},"Дрібні вироби з оц. сталі","м",{"v":1,"d":"1.00"},{"$f":"D83*I83","v":{"v":42,"d":"42.00"}},null,{"v":0,"d":"0.00"}]
["3.28",{"$nulls":5},"Саморізи","шт",{"v":7,"d":"7.00"},{"$f":"I84*D83","v":{"v":294,"d":"294.00"}},null,{"v":0,"d":"0.00"}]
["3.29","Штукатурка стін ","м2",{"v":17,"d":"17.00"},null,{"$f":"D85*E85","v":{"v":0,"d":"0.00"}}]
["3.30","Готування цементного розчину","м3",0.54,null,{"$f":"D86*E86","v":{"v":0,"d":"0.00"}},"Цемент","кг",{"v":304,"d":"304.00"},{"$f":"D86*I86","v":{"v":164.16000000000003,"d":"164.16"}},null,{"$f":"J86*K86","v":{"v":0,"d":"0.00"}}]
["3.31",{"$nulls":5},"Пісок","м3",1.21,{"$f":"D86*I87","v":{"v":0.6534,"d":"0.65"}},null,{"$f":"J87*K87","v":{"v":0,"d":"0.00"}}]
["3.32","Грунтування стін ","м2",{"v":17,"d":"17.00"},null,{"$f":"D88*E88","v":{"v":0,"d":"0.00"}},"Грунтовка глибокого проникнення","л",{"v":0.2,"d":"0.20"},{"$f":"D88*I88","v":{"v":3.4000000000000004,"d":"3.40"}},null,{"$f":"J88*K88","v":{"v":0,"d":"0.00"}}]
["3.33","Опорядження стін ","м2",{"v":17,"d":"17.00"},null,{"$f":"D89*E89","v":{"v":0,"d":"0.00"}},"Шпаклівка ","кг",{"v":3.9,"d":"3.90"},{"$f":"D89*I89","v":{"v":66.3,"d":"66.30"}},null,{"$f":"J89*K89","v":{"v":0,"d":"0.00"}}]
["4","Інклюзивне обладнання"]
["4.1","Встановлення вертикального підйомника","шт",{"v":1,"d":"1.00"},null,{"$f":"D91*E91","v":{"v":0,"d":"0.00"}},"Вертикальний підйомник","шт",{"v":1,"d":"1.00"},{"$f":"D91*I91","v":{"v":1,"d":"1.00"}},null,{"$f":"J91*K91","v":{"v":0,"d":"0.00"}}]
["4.2","Виготовлення та монтаж відкидного пандусу","шт.",{"v":1,"d":"1.00"},null,{"$f":"D92*E92","v":{"v":0,"d":"0.00"}},"Відкидний металевий пандус","шт.",{"v":1,"d":"1.00"},{"$f":"I92*D92","v":{"v":1,"d":"1.00"}},null,{"v":0,"d":"0.00"}]
[5,"Стеля"]
["5.1","Розчистка швів між плитами","м",{"v":306,"d":"306.00"},null,{"$f":"D94*E94","v":{"v":0,"d":"0.00"}}]
["5.2","Забивка швів ","м",{"v":306,"d":"306.00"},null,{"v":0,"d":"0.00"},"Суміш Ceresit СМ-11","кг",{"v":1,"d":"1.00"},{"$f":"D95*I95","v":{"v":306,"d":"306.00"}},null,{"$f":"J95*K95","v":{"v":0,"d":"0.00"}}]
["5.3",{"$nulls":5},"Сітка серпянка 100мм","м.п",{"v":1,"d":"1.00"},{"$f":"D95*I96","v":{"v":306,"d":"306.00"}},null,{"v":0,"d":"0.00"}]
["5.4","Грунтування стелі ","м2",{"v":447.2,"d":"447.20"},null,{"$f":"D97*E97","v":{"v":0,"d":"0.00"}},"Грунтовка глибокого проникнення","л",{"v":0.2,"d":"0.20"},{"$f":"D97*I97","v":89.44},null,{"v":0,"d":"0.00"}]
["5.5","Шпаклювання стелі","м2",{"v":447.2,"d":"447.20"},null,{"v":0,"d":"0.00"},"Суміш Ceresit СМ-11","кг",{"v":2,"d":"2.00"},{"v":894.4,"d":"894.40"},null,{"v":0,"d":"0.00"}]
["5.6","Фактурне опорядження стелі ","м2",{"v":447.2,"d":"447.20"},null,{"v":0,"d":"0.00"},"Шпаклівка","кг",{"v":5.4,"d":"5.40"},{"v":2414.88,"d":"2,414.88"},null,{"v":0,"d":"0.00"}]
["5.7","Грунтування стелі ","м2",{"v":447.2,"d":"447.20"},null,{"v":0,"d":"0.00"},"Грунтовка глибокого проникнення","л",{"v":0.2,"d":"0.20"},89.44,null,{"v":0,"d":"0.00"}]
["5.8","Фарбування стелі  в/е (2 шари)","м2",{"v":447.2,"d":"447.20"},null,{"v":0,"d":"0.00"},"Фарба водоемульсійна  ","л",{"v":0.4,"d":"0.40"},178.88,null,{"v":0,"d":"0.00"}]
[6,"Стіни, перегородки"]
["6.1","Розбирання цегляних перегородок","м3",3.36,null,{"$f":"D103*E103","v":{"v":0,"d":"0.00"}}]
["6.2","Відбивання штукатурки","м2",{"v":412,"d":"412.00"},null,{"$f":"D104*E104","v":{"v":0,"d":"0.00"}}]
["6.3","Різання залізобетонних  стін","м",{"v":90,"d":"90.00"},null,{"$f":"D105*E105","v":{"v":0,"d":"0.00"}}]
["6.4","Демонтаж  залізобетонних стін","м3",{"v":3.2,"d":"3.20"},null,{"v":0,"d":"0.00"}]
["6.5","Свердлення отворів Ø200","шт",{"v":42,"d":"42.00"},null,{"$f":"D107*E107","v":{"v":0,"d":"0.00"}}]
["6.6","Навантаження та винесення на поверхню ","м3",{"v":11.4,"d":"11.40"},null,{"v":0,"d":"0.00"}]
["6.7","Улаштування з/б підпірної стіни","м3",{"v":6.6,"d":"6.60"},null,{"$f":"D109*E109","v":{"v":0,"d":"0.00"}},"Бетон М200","м3",1.02,{"$f":"D109*I109","v":{"v":6.731999999999999,"d":"6.73"}},null,{"$f":"J109*K109","v":{"v":0,"d":"0.00"}}]
["6.8",{"$nulls":5},"Арматура Ø 12","т","п",{"v":2.3,"d":"2.30"},null,{"v":0,"d":"0.00"}]
["6.9","Закладання прорізів та отворів","м3",{"v":3.8,"d":"3.80"},null,{"$f":"D111*E111","v":{"v":0,"d":"0.00"}},"Цегла","шт",{"v":392,"d":"392.00"},{"v":1490,"d":"1,490.00"},null,{"v":0,"d":"0.00"}]
["6.10","Готування цементного розчину","м3",0.91,null,{"$f":"D112*E112","v":{"v":0,"d":"0.00"}},"Цемент","кг",{"v":304,"d":"304.00"},{"$f":"D112*I112","v":276.64},null,{"v":0,"d":"0.00"}]
["6.11",{"$nulls":5},"Пісок","м3",1.21,{"$f":"D112*I113","v":{"v":1.1011,"d":"1.10"}},null,{"$f":"J113*K113","v":{"v":0,"d":"0.00"}}]
["6.12","Мурування цегляних стін","м3",{"v":1.8,"d":"1.80"},null,{"$f":"D114*E114","v":{"v":0,"d":"0.00"}},"Цегла","шт",{"v":380,"d":"380.00"},{"$f":"CEILING(D114*I114,1)","v":{"v":684,"d":"684.00"}},null,{"$f":"J114*K114","v":{"v":0,"d":"0.00"}}]
["6.13","Готування цементного розчину","м3",0.43,null,{"$f":"D115*E115","v":{"v":0,"d":"0.00"}},"Цемент","кг",{"v":304,"d":"304.00"},{"$f":"D115*I115","v":130.72},null,{"v":0,"d":"0.00"}]
["6.14",{"$nulls":5},"Пісок","м3",1.21,{"$f":"D115*I116","v":{"v":0.5203,"d":"0.52"}},null,{"$f":"J116*K116","v":{"v":0,"d":"0.00"}}]
["6.15","Грунтування стін Бетонконтакт","м2",{"v":646,"d":"646.00"},null,{"$f":"D117*E117","v":{"v":0,"d":"0.00"}},"Грунт Бетон контакт","л",{"v":0.2,"d":"0.20"},{"$f":"D117*I117","v":{"v":129.20000000000002,"d":"129.20"}},null,{"$f":"J117*K117","v":{"v":0,"d":"0.00"}}]
["6.16","Вирівнювання стін  (додатковий намет) ","м2",{"v":410,"d":"410.00"},null,{"v":0,"d":"0.00"}]
["6.17","Готування цементного розчину","м3",21.73,null,{"$f":"D119*E119","v":{"v":0,"d":"0.00"}},"Цемент","кг",{"v":304,"d":"304.00"},{"$f":"D119*I119","v":{"v":6605.92,"d":"6,605.92"}},null,{"v":0,"d":"0.00"}]
["6.18",{"$nulls":5},"Пісок","м3",1.21,{"$f":"D119*I120","v":{"v":26.2933,"d":"26.29"}},null,{"$f":"J120*K120","v":{"v":0,"d":"0.00"}}]
["6.19","Мурування цегляних перегородок ","м2",{"v":24,"d":"24.00"},null,{"$f":"D121*E121","v":{"v":0,"d":"0.00"}},"Цегла","шт",{"v":50,"d":"50.00"},{"v":1490,"d":"1,490.00"},null,{"$f":"J121*K121","v":{"v":0,"d":"0.00"}}]
["6.20","Готування цементного розчину","м3",0.55,null,{"$f":"D122*E122","v":{"v":0,"d":"0.00"}},"Цемент","кг",{"v":304,"d":"304.00"},{"$f":"D122*I122","v":{"v":167.20000000000002,"d":"167.20"}},null,{"$f":"J122*K122","v":{"v":0,"d":"0.00"}}]
["6.21",{"$nulls":5},"Пісок","м3",1.21,{"$f":"D122*I123","v":{"v":0.6655,"d":"0.67"}},null,{"$f":"J123*K123","v":{"v":0,"d":"0.00"}}]
["6.22","Улаштування каркасу з сітки під штукатурку","м2",{"v":646,"d":"646.00"},null,{"$f":"D124*E124","v":{"v":0,"d":"0.00"}},"Сітка штукатурна","м2",{"v":1.1,"d":"1.10"},{"$f":"D124*I124","v":{"v":710.6,"d":"710.60"}},null,{"v":0,"d":"0.00"}]
["6.23",{"$nulls":5},"Дюбеля з шайбою","шт","п",{"v":3230,"d":"3,230.00"},null,{"v":0,"d":"0.00"}]
["6.24","Штукатурка стін ","м2",{"v":694,"d":"694.00"},null,{"$f":"D126*E126","v":{"v":0,"d":"0.00"}}]
["6.25","Готування цементного розчину","м3",{"v":22,"d":"22.00"},null,{"$f":"D127*E127","v":{"v":0,"d":"0.00"}},"Цемент","кг",{"v":304,"d":"304.00"},{"$f":"D127*I127","v":{"v":6688,"d":"6,688.00"}},null,{"$f":"J127*K127","v":{"v":0,"d":"0.00"}}]
["6.26",{"$nulls":5},"Пісок","м3",1.21,{"$f":"D127*I128","v":{"v":26.619999999999997,"d":"26.62"}},null,{"$f":"J128*K128","v":{"v":0,"d":"0.00"}}]
["6.27","Штукатурка укосів ","м",{"v":120,"d":"120.00"},null,{"$f":"D129*E129","v":{"v":0,"d":"0.00"}}]
["6.28","Готування цементного розчину","м3",1.06,null,{"$f":"D130*E130","v":{"v":0,"d":"0.00"}},"Цемент","кг",{"v":304,"d":"304.00"},{"$f":"D130*I130","v":322.24},null,{"$f":"J130*K130","v":{"v":0,"d":"0.00"}}]
["6.29",{"$nulls":5},"Пісок","м3",1.21,{"$f":"D130*I131","v":{"v":1.2826,"d":"1.28"}},null,{"$f":"J131*K131","v":{"v":0,"d":"0.00"}}]
["6.30","Грунтування стін і укосів","м2",{"v":718,"d":"718.00"},null,{"$f":"D132*E132","v":{"v":0,"d":"0.00"}},"Грунтовка глибокого проникнення","л",{"v":0.2,"d":"0.20"},{"$f":"D132*I132","v":{"v":143.6,"d":"143.60"}},null,{"v":0,"d":"0.00"}]
["6.31","Шпаклювання  стін і укосів","м2",{"v":718,"d":"718.00"},null,{"v":0,"d":"0.00"},"Шпаклівка ","кг",{"v":1.5,"d":"1.50"},{"v":1077,"d":"1,077.00"},null,{"v":0,"d":"0.00"}]
["6.32","Опорядження стін ","м2",{"v":634,"d":"634.00"},null,{"v":0,"d":"0.00"},"Шпаклівка ","кг",{"v":3.9,"d":"3.90"},{"v":2472.6,"d":"2,472.60"},null,{"v":0,"d":"0.00"}]
["6.33","Грунтування стін ","м2",{"v":634,"d":"634.00"},null,{"v":0,"d":"0.00"},"Грунтовка глибокого проникнення","л",{"v":0.2,"d":"0.20"},{"v":126.80000000000001,"d":"126.80"},null,{"v":0,"d":"0.00"}]
["6.34","Фарбування стін в/е (2 шари)","м2",{"v":634,"d":"634.00"},null,{"v":0,"d":"0.00"},"Фарба водоемульсійна  ","л",{"v":0.4,"d":"0.40"},{"v":253.60000000000002,"d":"253.60"},null,{"v":0,"d":"0.00"}]
["6.35","Облицювання стін керамічними плитками","м2",{"v":59.4,"d":"59.40"},null,{"v":0,"d":"0.00"},"Плитка для стін","м2",1.05,{"v":62.370000000000005,"d":"62.37"},null,{"v":0,"d":"0.00"}]
["6.36",{"$nulls":5},"Суміш Ceresit СМ-11","кг",{"v":6.5,"d":"6.50"},{"$f":"D137*I138","v":{"v":386.09999999999997,"d":"386.10"}},null,{"v":0,"d":"0.00"}]
["6.37",{"$nulls":5},"Суміш Ceresit СЕ-33","кг",{"v":0.406,"d":"0.41"},{"$f":"D137*I139","v":{"v":24.116400000000002,"d":"24.12"}},null,{"v":0,"d":"0.00"}]
[7,"Підлоги"]
["7.1","Демонтаж бетонної основи ","м3",{"v":56.2,"d":"56.20"},null,{"$f":"D141*E141","v":{"v":0,"d":"0.00"}}]
["7.2","Розробка грунту вручну зі застосуванням електроінструменту","м3",{"v":336,"d":"336.00"},null,{"v":0,"d":"0.00"}]
["7.3","Демонтаж ростверку","м3",{"v":5.1,"d":"5.10"},null,{"v":0,"d":"0.00"}]
["7.4","Навантаження та винесення на поверхню будівельного сміття","м3",{"v":397.3,"d":"397.30"},null,{"v":0,"d":"0.00"}]
["7.5","Очищення стін від бітумної ізоляції","м2",{"v":140,"d":"140.00"},null,{"v":0,"d":"0.00"}]
["7.6","Улаштування з/б ростверків ","м3",{"v":7.8,"d":"7.80"},null,{"v":0,"d":"0.00"},"Бетон М200","м3",1.02,{"$f":"D146*I146","v":{"v":7.9559999999999995,"d":"7.96"}},null,{"$f":"J146*K146","v":{"v":0,"d":"0.00"}}]
["7.7",{"$nulls":5},"Арматура Ø12","т","п",{"v":0.6,"d":"0.60"},null,{"v":0,"d":"0.00"}]
["7.8","Ущільнення грунту трамбовками","м2",{"v":447.2,"d":"447.20"},null,{"$f":"D148*E148","v":{"v":0,"d":"0.00"}}]
["7.9","Улаштування піщаної основи, б=50 мм","м3",22.36,null,{"v":0,"d":"0.00"},"Пісок","м3",1.12,{"$f":"D149*I149","v":{"v":25.043200000000002,"d":"25.04"}},null,{"$f":"J149*K149","v":{"v":0,"d":"0.00"}}]
["7.10","Улаштування прокладної гідроізоляції","м2",{"v":447.2,"d":"447.20"},null,{"v":0,"d":"0.00"},"Плівка п/е","м2",{"v":1.1,"d":"1.10"},{"$f":"D150*I150","v":491.92},null,{"$f":"J150*K150","v":{"v":0,"d":"0.00"}}]
["7.11","Армування бетонного шару","м2",{"v":447.2,"d":"447.20"},null,{"$f":"D151*E151","v":{"v":0,"d":"0.00"}},"Сітка","м2",{"v":1.1,"d":"1.10"},{"$f":"D151*I151","v":491.92},null,{"$f":"J151*K151","v":{"v":0,"d":"0.00"}}]
["7.12","Улаштування підстильного бетонного шару","м3",44.72,null,{"v":0,"d":"0.00"},"Бетон М200 П-4","м3",1.02,{"v":45.614399999999996,"d":"45.61"},null,{"v":0,"d":"0.00"}]
["7.13","Грунтування підлоги Бетонконтакт","м2",{"v":447.2,"d":"447.20"},null,{"v":0,"d":"0.00"},"Грунт Бетон контакт","л",{"v":0.4,"d":"0.40"},178.88,null,{"v":0,"d":"0.00"}]
["7.14","Улаштування армованої цементної стяжки","м2",{"v":447.2,"d":"447.20"},null,{"v":0,"d":"0.00"},"ЦПС","кг",{"v":88,"d":"88.00"},{"v":39353.6,"d":"39,353.60"},null,{"v":0,"d":"0.00"}]
["7.15",{"$nulls":5},"Сітка 100х100х3","м2",{"v":1.1,"d":"1.10"},{"$f":"D154*I155","v":491.92},null,{"v":0,"d":"0.00"}]
["7.16",{"$nulls":5},"Фіброволокно","кг","п",{"v":60,"d":"60.00"},null,{"v":0,"d":"0.00"}]
["7.17",{"$nulls":5},"Пластифікат","л","п",{"v":99,"d":"99.00"},null,{"v":0,"d":"0.00"}]
["7.18",{"$nulls":5},"Демферна стрічка","м","п",{"v":1200,"d":"1,200.00"},null,{"v":0,"d":"0.00"}]
["7.19",{"$nulls":5},"Плівка п/е","м2",{"v":1.1,"d":"1.10"},{"$f":"D154*I159","v":491.92},null,{"v":0,"d":"0.00"}]
["7.20","Затирання стяжки","м2",{"v":447.2,"d":"447.20"},null,{"$f":"D160*E160","v":{"v":0,"d":"0.00"}}]
["7.21","Грунтування підлоги ","м2",{"v":447.2,"d":"447.20"},null,{"v":0,"d":"0.00"},"Грунтовка глибокого проникнення","л",{"v":0.2,"d":"0.20"},{"$f":"D161*I161","v":89.44},null,{"$f":"J161*K161","v":{"v":0,"d":"0.00"}}]
["7.22","Фарбування підлоги","м2",{"v":420.2,"d":"420.20"},null,{"v":0,"d":"0.00"},"Емаль для бетонної підлоги","кг",{"v":0.4,"d":"0.40"},{"$f":"D162*I162","v":168.08},null,{"v":0,"d":"0.00"}]
["7.23","Улаштування плінтусів","м",{"v":252,"d":"252.00"},null,{"$f":"D163*E163","v":{"v":0,"d":"0.00"}},"Шпаклівка Ceresit CT-29","кг",{"v":1.2,"d":"1.20"},{"$f":"D163*I163","v":{"v":302.4,"d":"302.40"}},null,{"$f":"J163*K163","v":{"v":0,"d":"0.00"}}]
["7.24",{"$nulls":5},"Емаль для бетонної підлоги","кг",0.06,{"$f":"D163*I164","v":15.12},null,{"$f":"J164*K164","v":{"v":0,"d":"0.00"}}]
["7.25","Улаштування покриттів з керамічних плиток","м2",{"v":27,"d":"27.00"},null,{"$f":"D165*E165","v":{"v":0,"d":"0.00"}},"Плитка для підлог","м2",1.02,{"$f":"D165*I165","v":27.54},null,{"$f":"J165*K165","v":{"v":0,"d":"0.00"}}]
["7.26",{"$nulls":5},"Суміш Ceresit СМ-11","кг",{"v":6.5,"d":"6.50"},{"$f":"D165*I166","v":{"v":175.5,"d":"175.50"}},null,{"$f":"J166*K166","v":{"v":0,"d":"0.00"}}]
["7.27",{"$nulls":5},"Суміш Ceresit СЕ-33","кг",{"v":0.456,"d":"0.46"},{"$f":"D165*I167","v":{"v":12.312000000000001,"d":"12.31"}},null,{"$f":"J167*K167","v":{"v":0,"d":"0.00"}}]
[8,"Прорізи"]
["8.1","Демонтаж дверей","шт.",{"v":2,"d":"2.00"},null,{"$f":"D169*E169","v":{"v":0,"d":"0.00"}}]
["8.2","Улаштування металопластикових конструкцій ","м2",{"v":30,"d":"30.00"},null,{"$f":"D170*E170","v":{"v":0,"d":"0.00"}},"Конструкцїі  м/п (сендвіч)","м2",{"v":1,"d":"1.00"},{"$f":"D170*I170","v":{"v":30,"d":"30.00"}},null,{"$f":"J170*K170","v":{"v":0,"d":"0.00"}}]
["8.3","Установка металопластикових дверей ","шт.",{"v":14,"d":"14.00"},null,{"v":0,"d":"0.00"},"Двері металопластикові ","шт.",{"v":1,"d":"1.00"},{"v":14,"d":"14.00"},null,{"v":0,"d":"0.00"}]
["8.4","Установка металевих дверей","шт.",{"v":4,"d":"4.00"},null,{"v":0,"d":"0.00"},"Двері протипожежні в комплекті","шт.",{"v":1,"d":"1.00"},{"v":3,"d":"3.00"},null,{"v":0,"d":"0.00"}]
["8.5",{"$nulls":5},"Двері металеві в комплекті","шт.",{"v":1,"d":"1.00"},{"v":1,"d":"1.00"},null,{"$f":"J173*K173","v":{"v":0,"d":"0.00"}}]
["8.6","Улаштування перегородок з профлиста","м2",{"v":10.3,"d":"10.30"},null,{"$f":"D174*E174","v":{"v":0,"d":"0.00"}},"Перегородка з профільного листа","м2",{"v":1,"d":"1.00"},{"v":10.3,"d":"10.30"},null,{"v":0,"d":"0.00"}]
["8.7","Монтаж м/к перемичок та обойм прорізів","т",0.82,null,{"$f":"D175*E175","v":{"v":0,"d":"0.00"}},"Металоконструкції індивідуальні","т",{"v":1,"d":"1.00"},{"$f":"D175*I175","v":0.82},null,{"$f":"J175*K175","v":{"v":0,"d":"0.00"}}]
[9,"Сантехнічні роботи"]
["9.1","Демонтаж батареї, переврізування системи опалення","шт.",{"v":1,"d":"1.00"},null,{"$f":"D177*E177","v":{"v":0,"d":"0.00"}},"Затискна муфта GEBO","шт.","п",{"v":2,"d":"2.00"},null,{"$f":"J177*K177","v":{"v":0,"d":"0.00"}}]
["9.2",{"$nulls":5},"Відводи","шт.","п",{"v":8,"d":"8.00"},null,{"$f":"J178*K178","v":{"v":0,"d":"0.00"}}]
["9.3",{"$nulls":5},"Труба","м","п",{"v":6,"d":"6.00"},null,{"$f":"J179*K179","v":{"v":0,"d":"0.00"}}]
["9.4",{"$nulls":5},"Кріплення","шт.","п",{"v":6,"d":"6.00"},null,{"$f":"J180*K180","v":{"v":0,"d":"0.00"}}]
["9.5","Демонтаж труб опалення","м",{"v":52,"d":"52.00"},null,{"$f":"D181*E181","v":{"v":0,"d":"0.00"}}]
["9.6","Монтаж труб опалення","м",{"v":68,"d":"68.00"},null,{"$f":"D182*E182","v":{"v":0,"d":"0.00"}},"Комплект труб для опалення","шт","п",{"v":1,"d":"1.00"},null,{"$f":"J182*K182","v":{"v":0,"d":"0.00"}}]
["9.7","Монтаж труб водопроводу ","м",{"v":86,"d":"86.00"},null,{"$f":"D183*E183","v":{"v":0,"d":"0.00"}},"Комплект труб для водопроводу","шт","п",{"v":1,"d":"1.00"},null,{"$f":"J183*K183","v":{"v":0,"d":"0.00"}}]
["9.8","Монтаж труб каналізації","м",{"v":18,"d":"18.00"},null,{"$f":"D184*E184","v":{"v":0,"d":"0.00"}},"Комплект труб для каналізації","шт","п",{"v":1,"d":"1.00"},null,{"$f":"J184*K184","v":{"v":0,"d":"0.00"}}]
["9.9","Установка унітазів (біде)","шт",{"v":8,"d":"8.00"},null,{"v":0,"d":"0.00"},"Унітаз компакт","шт","п",{"v":4,"d":"4.00"},null,{"$f":"J185*K185","v":{"v":0,"d":"0.00"}}]
["9.10",{"$nulls":5},"Унітаз дітячий","шт","п",{"v":3,"d":"3.00"},null,{"v":0,"d":"0.00"}]
["9.11",{"$nulls":5},"Біде","шт","п",{"v":1,"d":"1.00"},null,{"$f":"J187*K187","v":{"v":0,"d":"0.00"}}]
["9.12",{"$nulls":5},"Комплект підключення до унітазу, біде","шт",{"v":1,"d":"1.00"},{"$f":"D185*I188","v":{"v":8,"d":"8.00"}},null,{"v":0,"d":"0.00"}]
["9.13","Установка умивальника","шт",{"v":6,"d":"6.00"},null,{"$f":"D189*E189","v":{"v":0,"d":"0.00"}},"Умивальник","шт","п",{"v":4,"d":"4.00"},null,{"v":0,"d":"0.00"}]
["9.14",{"$nulls":5},"Умивальник дітячий","шт","п",{"v":2,"d":"2.00"},null,{"v":0,"d":"0.00"}]
["9.15",{"$nulls":5},"Сифон для умивальника","шт",{"v":1,"d":"1.00"},{"$f":"D189*I191","v":{"v":6,"d":"6.00"}},null,{"v":0,"d":"0.00"}]
["9.16",{"$nulls":5},"Комплект підключення","шт",{"v":1,"d":"1.00"},{"$f":"D189*I192","v":{"v":6,"d":"6.00"}},null,{"v":0,"d":"0.00"}]
["9.17","Установка змішувачів","шт",{"v":8,"d":"8.00"},null,{"$f":"D193*E193","v":{"v":0,"d":"0.00"}},"Змішувач","шт","п",{"v":6,"d":"6.00"},null,{"v":0,"d":"0.00"}]
["9.18",{"$nulls":5},"Кран біде","шт","п",{"v":1,"d":"1.00"},null,{"v":0,"d":"0.00"}]
["9.19",{"$nulls":5},"Гігієничний душ","шт","п",{"v":1,"d":"1.00"},null,{"v":0,"d":"0.00"}]
["9.20","Встановлення резервних ємкостей для води (обв'язка)","шт ",{"v":3,"d":"3.00"},null,{"$f":"D196*E196","v":{"v":0,"d":"0.00"}},"Ємкість для води 1 м3","шт",{"v":1,"d":"1.00"},{"$f":"D196*I196","v":{"v":3,"d":"3.00"}},null,{"v":0,"d":"0.00"}]
["9.21",{"$nulls":5},"Комплект підключення","шт",{"v":1,"d":"1.00"},{"$f":"D196*I197","v":{"v":3,"d":"3.00"}},null,{"v":0,"d":"0.00"}]
["9.22",{"$nulls":5},"Підставка під ємкість","шт",{"v":1,"d":"1.00"},{"$f":"D196*I198","v":{"v":3,"d":"3.00"}},null,{"v":0,"d":"0.00"}]
["9.23","Установка та підключення  бойлеру","шт",{"v":1,"d":"1.00"},null,{"$f":"D199*E199","v":{"v":0,"d":"0.00"}},"Бойлер 50л ","шт",{"v":1,"d":"1.00"},{"$f":"D199*I199","v":{"v":1,"d":"1.00"}},null,{"v":0,"d":"0.00"}]
["9.24",{"$nulls":5},"Комплект підключення для бойлера","шт.",{"v":1,"d":"1.00"},{"$f":"D199*I200","v":{"v":1,"d":"1.00"}},null,{"v":0,"d":"0.00"}]
["9.25","Установка інклюзивного обладнання","компл",{"v":1,"d":"1.00"},null,{"v":0,"d":"0.00"},"Комплект інклюзивного обладнання ","шт",{"v":1,"d":"1.00"},{"v":1,"d":"1.00"},null,{"v":0,"d":"0.00"}]
["9.26","Врізування в діючі внутрішні мережі","шт",{"v":12,"d":"12.00"},null,{"v":0,"d":"0.00"},"Комплект для врізування","шт",{"v":1,"d":"1.00"},{"$f":"D202*I202","v":{"v":12,"d":"12.00"}},null,{"v":0,"d":"0.00"}]
[10,"Електропостачання, ППС"]
["10.1","Встановлення щита ","шт",{"v":2,"d":"2.00"},null,{"$f":"D204*E204","v":{"v":0,"d":"0.00"}},"Щит ЩО","шт","п",{"v":2,"d":"2.00"},null,{"$f":"J204*K204","v":{"v":0,"d":"0.00"}}]
["10.2","Прокладання кабель-каналів","м",{"v":310,"d":"310.00"},null,{"v":0,"d":"0.00"},"Короб пластиковий білий 60х60","м","п",{"v":50,"d":"50.00"},null,{"v":0,"d":"0.00"}]
["10.3",{"$nulls":5},"Короб пластиковий білий 16х16","м","п",{"v":100,"d":"100.00"},null,{"v":0,"d":"0.00"}]
["10.4",{"$nulls":5},"Короб пластиковий білий 25х25","м","п",{"v":160,"d":"160.00"},null,{"v":0,"d":"0.00"}]
["10.5","Прокладання металевого рукава","м",{"v":50,"d":"50.00"},null,{"$f":"D208*E208","v":{"v":0,"d":"0.00"}},"Металорукав 32 мм","м","п",{"v":50,"d":"50.00"},null,{"v":0,"d":"0.00"}]
["10.6",{"$nulls":5},"Скоба для рукава металева","шт","п",{"v":100,"d":"100.00"},null,{"v":0,"d":"0.00"}]
["10.7",{"$nulls":5},"Коробка 100х100х50","шт","п",{"v":15,"d":"15.00"},null,{"v":0,"d":"0.00"}]
["10.8","Прокладання кабелів в кабель каналах та відкрито","м",{"v":1380,"d":"1,380.00"},null,{"v":0,"d":"0.00"},"Кабель ВВГнгд 3х1,5","м","п",{"v":550,"d":"550.00"},null,{"v":0,"d":"0.00"}]
["10.9",{"$nulls":5},"Кабель ВВГнгд 5х1,5","м","п",{"v":100,"d":"100.00"},null,{"v":0,"d":"0.00"}]
["10.10",{"$nulls":5},"Кабель ВВГнгд 3х2,5","м","п",{"v":450,"d":"450.00"},null,{"v":0,"d":"0.00"}]
["10.11",{"$nulls":5},"Кабель ВВГнгд 5х6","м","п",{"v":60,"d":"60.00"},null,{"$f":"J214*K214","v":{"v":0,"d":"0.00"}}]
["10.12",{"$nulls":5},"Кабель ВВГнгд 5х10","м","п",{"v":100,"d":"100.00"},null,{"$f":"J215*K215","v":{"v":0,"d":"0.00"}}]
["10.13",{"$nulls":5},"Кабель вогнестійкий NHXH FE180/E30 3х1,5","м","п",{"v":120,"d":"120.00"},null,{"v":0,"d":"0.00"}]
["10.14","Монтаж світильників","шт",{"v":50,"d":"50.00"},null,{"$f":"D217*E217","v":{"v":0,"d":"0.00"}},"Світильник LED","шт","п",{"v":38,"d":"38.00"},null,{"v":0,"d":"0.00"}]
["10.15",{"$nulls":5},"Світильник накладний овальний LED","шт","п",{"v":12,"d":"12.00"},null,{"$f":"J218*K218","v":{"v":0,"d":"0.00"}}]
["10.16","Монтаж світильнику настінний показчик","шт",{"v":5,"d":"5.00"},null,{"v":0,"d":"0.00"},"Світильник \"Вихід\"","шт","п",{"v":5,"d":"5.00"},null,{"v":0,"d":"0.00"}]
["10.17","Встановлення вимикачів","шт",{"v":16,"d":"16.00"},null,{"v":0,"d":"0.00"},"Вимикач накладний 1-й","шт","п",{"v":16,"d":"16.00"},null,{"v":0,"d":"0.00"}]
["10.18","Встановлення розеток","шт",{"v":32,"d":"32.00"},null,{"v":0,"d":"0.00"},"Розетка накладна 16А 220В","шт","п",{"v":32,"d":"32.00"},null,{"v":0,"d":"0.00"}]
["10.19","Закладання сухе для контрольного кабелю","шт",{"v":32,"d":"32.00"},null,{"$f":"D222*E222","v":{"v":0,"d":"0.00"}}]
["10.20","Приєднування до затискачів жил проводів, кабелів","шт",{"v":180,"d":"180.00"},null,{"$f":"D223*E223","v":{"v":0,"d":"0.00"}}]
["10.21","Замовлення послуг з розробки ліцензійного проєкта системи пожежного оповіщення","комплект",{"v":1,"d":"1.00"},null,{"v":0,"d":"0.00"}]
["10.22","Монтаж та підключення ППКП Tирас-8П.1","шт",{"v":1,"d":"1.00"},null,{"v":0,"d":"0.00"},"ППКП Tирас-8П.1","шт","п",{"v":1,"d":"1.00"},null,{"$f":"J225*K225","v":{"v":0,"d":"0.00"}}]
["10.23","Прокладання кабель-каналів","м.п.",{"v":210,"d":"210.00"},null,{"v":0,"d":"0.00"},"Кабель-канал 25х16","шт","п",{"v":210,"d":"210.00"},null,{"v":0,"d":"0.00"}]
["10.24","Прокладання кабелів в кабель каналах та відкрито","м.п.",{"v":450,"d":"450.00"},null,{"v":0,"d":"0.00"},"Кабель (N)HXHFE180/H E30 2х1,5","м","п",{"v":100,"d":"100.00"},null,{"v":0,"d":"0.00"}]
["10.25",{"$nulls":5},"СКВВ 2х0,4","м","п",{"v":350,"d":"350.00"},null,{"v":0,"d":"0.00"}]
["10.26","Монтаж та підключення сповіщувачів пожежних ","шт",{"v":50,"d":"50.00"},null,{"$f":"D229*E229","v":{"v":0,"d":"0.00"}},"Сповiщувач \"Вихід\" ТС-12","шт","п",{"v":4,"d":"4.00"},null,{"v":0,"d":"0.00"}]
["10.27",{"$nulls":5},"Сповіщувач пожежний ручний SPR-1","шт","п",{"v":7,"d":"7.00"},null,{"v":0,"d":"0.00"}]
["10.28",{"$nulls":5},"Сповіщувач пожежний димовий СПД-3","шт","п",{"v":30,"d":"30.00"},null,{"v":0,"d":"0.00"}]
["10.29",{"$nulls":5},"Оповіщувач ОСЗ-2 \"Пожежа\"","шт","п",{"v":8,"d":"8.00"},null,{"v":0,"d":"0.00"}]
["10.30",{"$nulls":5},"Сирена Tiras ОСЗ «Джміль-2»","шт","п",{"v":1,"d":"1.00"},null,{"v":0,"d":"0.00"}]
["11","Підключення до резервного живлення"]
["11.1","Встановлення щита ","шт",{"v":1,"d":"1.00"},null,{"$f":"D235*E235","v":{"v":0,"d":"0.00"}},"Щит ЩГ","шт.","п",{"v":1,"d":"1.00"},null,{"$f":"J235*K235","v":{"v":0,"d":"0.00"}}]
["11.2","Прокладання кабелів в кабель каналах та відкрито","м",{"v":100,"d":"100.00"},null,{"v":0,"d":"0.00"},"Кабель ВВГнгд 3х4","м","п",{"v":100,"d":"100.00"},null,{"v":0,"d":"0.00"}]
["11.3","Встановлення розеток","шт",{"v":1,"d":"1.00"},null,{"v":0,"d":"0.00"},"Розетка накладна 16А 220В","шт","п",{"v":1,"d":"1.00"},null,{"v":0,"d":"0.00"}]
["11.4","Закладання сухе для контрольного кабелю","шт",{"v":3,"d":"3.00"},null,{"$f":"D238*E238","v":{"v":0,"d":"0.00"}}]
["11.5","Приєднування до затискачів жил проводів, кабелів","шт",{"v":3,"d":"3.00"},null,{"$f":"D239*E239","v":{"v":0,"d":"0.00"}}]
[12,"Вентиляція "]
["12.1","Монтаж вентилятора 500х300","шт",{"v":4,"d":"4.00"},null,{"$f":"D241*E241","v":{"v":0,"d":"0.00"}},"Вентилятор 500х300","шт",{"v":1,"d":"1.00"},{"$f":"D241*I241","v":{"v":4,"d":"4.00"}},null,{"$f":"J241*K241","v":{"v":0,"d":"0.00"}}]
["12.2","Монтаж вентилятора ВКМ 150, 125","шт",{"v":2,"d":"2.00"},null,{"v":0,"d":"0.00"},"Вентилятор ВКМ 150","шт","п",{"v":1,"d":"1.00"},null,{"v":0,"d":"0.00"}]
["12.3",{"$nulls":5},"Вентилятор 125","шт","п",{"v":1,"d":"1.00"},null,{"v":0,"d":"0.00"}]
["12.4","Монтаж вставок гнучких","шт",{"v":10,"d":"10.00"},null,{"v":0,"d":"0.00"},"ВВГ 500х300 вставка гнучка","шт","п",{"v":8,"d":"8.00"},null,{"v":0,"d":"0.00"}]
["12.5",{"$nulls":5},"ВВГ 150 вставка гнучка","шт","п",{"v":2,"d":"2.00"},null,{"v":0,"d":"0.00"}]
["12.6","Монтаж фільтрів","шт",{"v":2,"d":"2.00"},null,{"$f":"D246*E246","v":{"v":0,"d":"0.00"}},"Фільтр 500х300","шт",{"v":1,"d":"1.00"},{"$f":"D246*I246","v":{"v":2,"d":"2.00"}},null,{"v":0,"d":"0.00"}]
["12.7","Монтаж калориферів","шт",{"v":2,"d":"2.00"},null,{"v":0,"d":"0.00"},"Калорифер 500х300","шт",{"v":1,"d":"1.00"},{"v":2,"d":"2.00"},null,{"v":0,"d":"0.00"}]
["12.8","Монтаж шумоглушників","шт",{"v":4,"d":"4.00"},null,{"v":0,"d":"0.00"},"СР 500х300 шумоглушник","шт",{"v":1,"d":"1.00"},{"v":4,"d":"4.00"},null,{"v":0,"d":"0.00"}]
["12.9","Монтаж клапанів зворотніх","шт",{"v":4,"d":"4.00"},null,{"v":0,"d":"0.00"},"КОМ1 500х300 клапан зворотній ","шт",{"v":1,"d":"1.00"},{"v":4,"d":"4.00"},null,{"v":0,"d":"0.00"}]
["12.10","Прокладання повітроводів","м2",{"v":153,"d":"153.00"},null,{"v":0,"d":"0.00"},"Повітроводи","м2",{"v":1,"d":"1.00"},{"v":153,"d":"153.00"},null,{"v":0,"d":"0.00"}]
["12.11","Монтаж решіток вентиляційних","шт",{"v":54,"d":"54.00"},null,{"v":0,"d":"0.00"},"Грати МВ 150","шт","п",{"v":4,"d":"4.00"},null,{"v":0,"d":"0.00"}]
["12.12",{"$nulls":5},"Грати МВ 200х200","шт","п",{"v":2,"d":"2.00"},null,{"v":0,"d":"0.00"}]
["12.13",{"$nulls":5},"Грати МВ 300х150","шт","п",{"v":44,"d":"44.00"},null,{"v":0,"d":"0.00"}]
["12.14",{"$nulls":5},"Грати 550х350","шт","п",{"v":4,"d":"4.00"},null,{"v":0,"d":"0.00"}]
["12.15","Монтаж кріплень під обладнання","кг",{"v":56,"d":"56.00"},null,{"$f":"D255*E255","v":{"v":0,"d":"0.00"}},"Кріплення","комплект","п",{"v":4,"d":"4.00"},null,{"v":0,"d":"0.00"}]
["12.16","Монтаж клапанів вогнезатримуючих","шт",{"v":6,"d":"6.00"},null,{"v":0,"d":"0.00"},"Клапан вогнезатримуючий 500х300","шт","п",{"v":4,"d":"4.00"},null,{"v":0,"d":"0.00"}]
["12.17",{"$nulls":5},"Клапан вогнезатримуючий 150х150","шт","п",{"v":2,"d":"2.00"},null,{"v":0,"d":"0.00"}]
["12.18","Ізоляція поверхонь","м2",{"v":10,"d":"10.00"},null,{"$f":"D258*E258","v":{"v":0,"d":"0.00"}},"Ізоляція К-Flex 10 мм","м2",{"v":1,"d":"1.00"},{"$f":"D258*I258","v":{"v":10,"d":"10.00"}},null,{"v":0,"d":"0.00"}]
["12.19","Встановлення та пусконаладка регулятора швидкості","шт",{"v":2,"d":"2.00"},null,{"v":0,"d":"0.00"},"Регулятор швидкості","шт",{"v":1,"d":"1.00"},{"v":2,"d":"2.00"},null,{"v":0,"d":"0.00"}]
["12.20","Встановлення та пусконаладка автоматики","шт",{"v":4,"d":"4.00"},null,{"v":0,"d":"0.00"},"Комплект автоматики В1","шт","п",{"v":2,"d":"2.00"},null,{"v":0,"d":"0.00"}]
["12.21",{"$nulls":5},"Комплект автоматики П1","шт","п",{"v":2,"d":"2.00"},null,{"v":0,"d":"0.00"}]
["13*","Інше"]
["13.1","МиМ (Розчинонасос)","маш-год",{"v":48,"d":"48.00"},null,{"$f":"D263*E263","v":{"v":0,"d":"0.00"}},"МШП (1,5%)",{"$nulls":4},{"$f":"(SUM(L9:L261))*0.015","v":{"v":0,"d":"0.00"}}]
["13.2","МиМ (Бетононасос)","маш-год",{"v":32,"d":"32.00"},null,{"v":0,"d":"0.00"},"Транспортні витрати (3%)",{"$nulls":4},{"$f":"(SUM(L9:L263))*0.03","v":{"v":0,"d":"0.00"}}]
["13.3","МиМ (Компресор)","маш-год",{"v":130,"d":"130.00"},null,{"v":0,"d":"0.00"}]
["13.4","МиМ (Екскаватор)","маш-год",{"v":24,"d":"24.00"},null,{"v":0,"d":"0.00"}]
["13.5","Навантаження та вивезення ґрунту та сміття","т",{"v":833,"d":"833.00"},null,{"v":0,"d":"0.00"}]
[null,"ВСЬОГО вартість робіт, грн.:",{"$nulls":3},{"$f":"SUM(F9:F267)","v":{"v":0,"d":"0.00"}},"ВСЬОГО вартість матеріалів, грн.:",{"$nulls":4},{"$f":"SUM(L9:L267)","v":{"v":0,"d":"0.00"}}]
[null,"Загальна вартість, грн.:",{"$nulls":3},{"$f":"F268+L268","v":{"v":0,"d":"0.00"}}]
["*У розділі 13 учасники тендеру мають можливість та право змінити кількісні показники враховуючи свій попередній досвід роботи та технологію робіт. "]